000 00596nam a2200229Ia 4500
003 OSt
005 20220918191101.0
006 a|||||r|||| 00| 0
007 ta
008 220917b |||||||| |||| 00| 0 eng d
024 _a61,361
037 _cTextual
040 _aARTS
_cARTS
_beng
041 _2eng
_aeng
082 _aQ:1:5, K7
100 _aLowe C
_974867
245 0 _aMyth sacred history and philosophy
_b the pre christian religious heritage of the west
260 _c1967
650 _aRELIGION
942 _hQ:1:5, K7
_cTEXL
_2CC
999 _c188221
_d188221